มุมมองปกติ
มุมมองแบบ MARC
- Renewable energy sources
รายการ Topical Term
001 - CONTROL NUMBER
- control field: 15006
003 - CONTROL NUMBER IDENTIFIER
- control field: NALT
005 - DATE AND TIME OF LATEST TRANSACTION
- control field: 20170831170700.0
008 - FIXED-LENGTH DATA ELEMENTS
- fixed length control field: 170830|| aca||aabn | a|a d
040 ## - CATALOGING SOURCE
- Original cataloging agency: NALT
- Transcribing agency: NALT
150 ## - HEADING--TOPICAL TERM
- Topical term or geographic name entry element: Renewable energy sources
- General subdivision: Economic aspects
- Geographic subdivision: Europoan Union countries
670 ## - SOURCE DATA FOUND
- Source citation: Work cat.: (NALT)60094: Frass--Ehrfeld, Clsrisse 15002, Renewable Energy Sources : A Chance to Combat Climate Change
